<?xml version="1.0" encoding="UTF-8"?>
<collection xmlns="http://www.loc.gov/MARC21/slim">
<record>
  <controlfield tag="001">127745</controlfield>
  <controlfield tag="005">20240731103310.0</controlfield>
  <datafield tag="024" ind1="7" ind2=" ">
    <subfield code="2">doi</subfield>
    <subfield code="a">10.1016/j.neuarg.2022.07.003</subfield>
  </datafield>
  <datafield tag="024" ind1="8" ind2=" ">
    <subfield code="2">sideral</subfield>
    <subfield code="a">131788</subfield>
  </datafield>
  <datafield tag="037" ind1=" " ind2=" ">
    <subfield code="a">ART-2023-131788</subfield>
  </datafield>
  <datafield tag="041" ind1=" " ind2=" ">
    <subfield code="a">spa</subfield>
  </datafield>
  <datafield tag="100" ind1=" " ind2=" ">
    <subfield code="a">Segura-Chávez, Darwin</subfield>
  </datafield>
  <datafield tag="245" ind1=" " ind2=" ">
    <subfield code="a">Síndrome de Leigh de inicio adulto, con epilepsia mioclónica progresiva, asociado a la mutación m.14487T&amp;gt;C: reporte de caso</subfield>
  </datafield>
  <datafield tag="260" ind1=" " ind2=" ">
    <subfield code="c">2023</subfield>
  </datafield>
  <datafield tag="506" ind1="0" ind2=" ">
    <subfield code="a">Access copy available to the general public</subfield>
    <subfield code="f">Unrestricted</subfield>
  </datafield>
  <datafield tag="520" ind1="3" ind2=" ">
    <subfield code="a">El síndrome de Leigh o encefalomielopatía necrotizante subaguda es una enfermedad neurodegenerativa progresiva, genética y clínicamente heterogénea que se asocia por lo general con alteración del metabolismo mitocondrial a nivel de la fosforilación oxidativa. Se presenta generalmente en el periodo neonatal, pero también en la edad adulta, en la que suele expresarse con una combinación de diversas manifestaciones entre ellas parkinsonismo, alteraciones del movimiento, alteraciones neuropsiquiátricas y otras.
Caso clínico
Paciente masculino de 34 años de edad, que inició sus síntomas a los 18 años, algunos meses después de que su madre falleciera con síntomas parecidos, pero sin diagnóstico definido. El paciente presentó mioclonías progresivas en miembro superior derecho, espasmos palpebrales bilaterales y cervicales, asociándose posteriormente, mioclonia facial desencadenado por el habla y distonía en miembro inferior derecho que le impedía la deambulación. La resonancia magnética de encéfalo mostró la presencia de lesiones simétricas bilaterales en núcleos basales, lesiones corticales y periacueductales. El estudio genético detectó la mutación m.14487T>C en el gen ND6 del complejo 1 del sistema de fosforilación oxidativa mitocondrial en los leucocitos y células de mucosa bucal. El estudio se extendió a la abuela y dos tías maternas, asintomáticas en ese momento, quienes portaban la misma mutación.
Conclusión
El caso corresponde a un paciente adulto, con síndrome de Leigh, portador de la mutación m.14487T>C, la cual parece estar relacionada con un fenotipo predominantemente mioclónico progresivo, de origen cortical.</subfield>
  </datafield>
  <datafield tag="536" ind1=" " ind2=" ">
    <subfield code="9">info:eu-repo/grantAgreement/ES/DGA-FEDER/B33-17R</subfield>
    <subfield code="9">info:eu-repo/grantAgreement/ES/FIS/PI17-00021</subfield>
    <subfield code="9">info:eu-repo/grantAgreement/ES/FIS/PI17-00166</subfield>
    <subfield code="9">info:eu-repo/grantAgreement/ES/MSCBS/FECYT-PRECIPITA</subfield>
  </datafield>
  <datafield tag="540" ind1=" " ind2=" ">
    <subfield code="9">info:eu-repo/semantics/openAccess</subfield>
    <subfield code="a">by-nc-nd</subfield>
    <subfield code="u">http://creativecommons.org/licenses/by-nc-nd/3.0/es/</subfield>
  </datafield>
  <datafield tag="592" ind1=" " ind2=" ">
    <subfield code="a">0.146</subfield>
    <subfield code="b">2023</subfield>
  </datafield>
  <datafield tag="593" ind1=" " ind2=" ">
    <subfield code="a">Neurology (clinical)</subfield>
    <subfield code="c">2023</subfield>
    <subfield code="d">Q4</subfield>
  </datafield>
  <datafield tag="593" ind1=" " ind2=" ">
    <subfield code="a">Neurology</subfield>
    <subfield code="c">2023</subfield>
    <subfield code="d">Q4</subfield>
  </datafield>
  <datafield tag="594" ind1=" " ind2=" ">
    <subfield code="a">0.5</subfield>
    <subfield code="b">2023</subfield>
  </datafield>
  <datafield tag="655" ind1=" " ind2="4">
    <subfield code="a">info:eu-repo/semantics/article</subfield>
    <subfield code="v">info:eu-repo/semantics/acceptedVersion</subfield>
  </datafield>
  <datafield tag="700" ind1=" " ind2=" ">
    <subfield code="a">Torres-Ramírez, Luis</subfield>
  </datafield>
  <datafield tag="700" ind1=" " ind2=" ">
    <subfield code="a">Emperador-Ortiz, Sonia</subfield>
    <subfield code="u">Universidad de Zaragoza</subfield>
    <subfield code="0">(orcid)0000-0001-5964-6138</subfield>
  </datafield>
  <datafield tag="700" ind1=" " ind2=" ">
    <subfield code="a">Vélez-Rojas, Miriam</subfield>
  </datafield>
  <datafield tag="700" ind1=" " ind2=" ">
    <subfield code="a">Flores-Mendoza, Martha</subfield>
  </datafield>
  <datafield tag="700" ind1=" " ind2=" ">
    <subfield code="a">Cosentino-Esquerre, Carlos</subfield>
  </datafield>
  <datafield tag="700" ind1=" " ind2=" ">
    <subfield code="a">Ruiz-Pesini, Eduardo</subfield>
    <subfield code="u">Universidad de Zaragoza</subfield>
    <subfield code="0">(orcid)0000-0002-0269-7337</subfield>
  </datafield>
  <datafield tag="700" ind1=" " ind2=" ">
    <subfield code="a">Montoya-Villarroya, Julio</subfield>
    <subfield code="u">Universidad de Zaragoza</subfield>
    <subfield code="0">(orcid)0000-0003-1770-6299</subfield>
  </datafield>
  <datafield tag="710" ind1="2" ind2=" ">
    <subfield code="1">1003</subfield>
    <subfield code="2">443</subfield>
    <subfield code="a">Universidad de Zaragoza</subfield>
    <subfield code="b">Dpto. Anatom.Histolog.Humanas</subfield>
    <subfield code="c">Area Histología</subfield>
  </datafield>
  <datafield tag="710" ind1="2" ind2=" ">
    <subfield code="1">1002</subfield>
    <subfield code="2">060</subfield>
    <subfield code="a">Universidad de Zaragoza</subfield>
    <subfield code="b">Dpto. Bioq.Biolog.Mol. Celular</subfield>
    <subfield code="c">Área Bioquímica y Biolog.Mole.</subfield>
  </datafield>
  <datafield tag="773" ind1=" " ind2=" ">
    <subfield code="g">15, 1 (2023), 56-60</subfield>
    <subfield code="p">Neurol. argent.</subfield>
    <subfield code="t">Neurologica Argentina</subfield>
    <subfield code="x">1853-0028</subfield>
  </datafield>
  <datafield tag="856" ind1="4" ind2=" ">
    <subfield code="s">138116</subfield>
    <subfield code="u">http://zaguan.unizar.es/record/127745/files/texto_completo.pdf</subfield>
    <subfield code="y">Postprint</subfield>
  </datafield>
  <datafield tag="856" ind1="4" ind2=" ">
    <subfield code="s">1265127</subfield>
    <subfield code="u">http://zaguan.unizar.es/record/127745/files/texto_completo.jpg?subformat=icon</subfield>
    <subfield code="x">icon</subfield>
    <subfield code="y">Postprint</subfield>
  </datafield>
  <datafield tag="909" ind1="C" ind2="O">
    <subfield code="o">oai:zaguan.unizar.es:127745</subfield>
    <subfield code="p">articulos</subfield>
    <subfield code="p">driver</subfield>
  </datafield>
  <datafield tag="951" ind1=" " ind2=" ">
    <subfield code="a">2024-07-31-09:39:21</subfield>
  </datafield>
  <datafield tag="980" ind1=" " ind2=" ">
    <subfield code="a">ARTICLE</subfield>
  </datafield>
</record>
</collection>